000 01033pam a2200253 a 4500
001 2617754
005 20070727215336.0
008 981006s1999 maua b 001 0 eng
020 _a0070019711 (alk. paper)
040 _aDLC
_cDLC
_dDLC
082 0 0 _a629.1341
_221
_bAND
100 1 _aAnderson, John David.
_929419
245 1 0 _aAircraft Performance and Design /
_cJohn D. Anderson, Jr.
260 _aBoston :
_bWCB/McGraw-Hill,
_cc1999.
300 _axvi, 580 p. :
_bill. ;
_c24 cm.
504 _aIncludes bibliographical references (p. 569-571) and index.
650 0 _aAirplanes
_xPerformance.
_929420
650 0 _aAirplanes
_xDesign and construction.
_929421
653 _bMec
_cMarch2012
942 _2ddc
_cBB
999 _c16594
_d16594